000 00488nam a2200157 a 4500
001 000043375
005 20201002040846.0
008 140312s1996 sp ac 001 0 spa d
020 _a8423992411
040 _aDO-SdBNP
_bspa
_cBNPHU
100 1 _aTorres, Augusto M.
_970962
245 1 0 _aDiccionario Espasa Cine Español /
_cAugusto M. Torres; prólogo de Manuel Gutiérrez Aragón.
250 _a2a. ed.
260 _aMadrid :
_bEspasa,
_c1996.
300 _a548 p. :
_bil., retrs. ;
_c18 cm.
999 _c42864
_d42864